| 000 | 01271cam a22003372 b4500 | ||
|---|---|---|---|
| 001 | 10189754 | ||
| 003 | OSt | ||
| 005 | 20150408114202.0 | ||
| 006 | m d | ||
| 007 | cr n | ||
| 008 | 120726e20121023njua s|||||||| 2|eng|d | ||
| 020 | _a9781447145691 | ||
| 020 |
_a1447145690 (Trade Paper) _cUSD 39.95 Retail Price (Publisher) |
||
| 024 | 3 | _a9781447145691 | |
| 035 | _a(WaSeSS)ssj0000791415 | ||
| 037 |
_a1447145690 _b00024965 |
||
| 040 |
_aBIP US _dWaSeSS |
||
| 050 | 4 | _aQA76.9.S88 | |
| 082 | 0 | 0 |
_a003.3 _223 _bZBG |
| 100 | 1 |
_aZeigler, Bernard P. _eAuthor _941986 |
|
| 210 | 1 | 0 | _aGuide to Modeling and Simulation of Systems of Systems |
| 245 | 1 | 0 |
_aGuide to Modeling and Simulation of Systems of Systems _h[electronic resource]: _bUser's Reference |
| 260 |
_aNew York : _bSpringer _cOct. 2012 |
||
| 440 | 0 |
_aSpringerBriefs in Computer Science Ser. _941823 |
|
| 506 | _aLicense restrictions may limit access. | ||
| 521 |
_aScholarly & Professional _bSpringer |
||
| 773 | 0 | _tSpringerLink ebooks - Computer Science (2013) | |
| 856 | 4 | 0 |
_uhttp://www.columbia.edu/cgi-bin/cul/resolve?clio10189754 _zFull text available from SpringerLink ebooks - Computer Science (2013) |
| 910 | _aBowker Global Books in Print record | ||
| 942 |
_2ddc _cDVD |
||
| 999 |
_c33107 _d267607 |
||